Normal view
MARC view
- السلوك الإداري - التنظيم الإداري - إدارة الأعمال - إدارة افراد
Entry Topical Term
001 - CONTROL NUMBER
- control field: 58020
003 - CONTROL NUMBER IDENTIFIER
- control field: JO-AjAnu
005 - DATE AND TIME OF LATEST TRANSACTION
- control field: 20230606083510.0
008 - FIXED-LENGTH DATA ELEMENTS
- fixed length control field: 230606|| aca||aabn | a|a d
040 ## - CATALOGING SOURCE
- Original cataloging agency: JO-AjAnu
- Transcribing agency: JO-AjAnu
150 ## - HEADING--TOPICAL TERM
- Topical term or geographic name entry element: السلوك الإداري - التنظيم الإداري - إدارة الأعمال - إدارة افراد
670 ## - SOURCE DATA FOUND
- Source citation: Work cat.: (JO-AjAnu)29601: عواد، فتحي أحمد ذياب, author 58019, السلوك الإنساني في منظمات الأعمال الحديثة